200 Largest U.S. Cities - Statistics

General Stats
  • This quiz has been taken 4,467 times
  • The average score is 129 of 200
Answer Stats
State City % Correct
Illinois Chicago
98%
Texas Houston
98%
California Los Angeles
98%
New York New York City
98%
Texas Dallas
97%
Colorado Denver
96%
Pennsylvania Philadelphia
96%
Arizona Phoenix
96%
California San Diego
96%
Texas Austin
95%
Massachusetts Boston
95%
Michigan Detroit
95%
Nevada Las Vegas
95%
Florida Miami
95%
California San Francisco
95%
Washington Seattle
95%
Indiana Indianapolis
94%
Mississippi Jackson
94%
Texas San Antonio
94%
District of Columbia Washington D.C.
94%
Georgia Atlanta
93%
Tennessee Nashville
93%
Louisiana New Orleans
93%
Oklahoma Oklahoma City
93%
Oregon Portland
93%
Florida Jacksonville
92%
Kansas | Missouri Kansas City
92%
Maryland Baltimore
91%
Georgia | Ohio Columbus
91%
Tennessee Memphis
91%
California San Jose
91%
North Carolina Charlotte
90%
Texas El Paso
90%
Minnesota Minneapolis
90%
Florida Orlando
90%
Florida Tampa
90%
Ohio Cleveland
89%
Hawaii Honolulu
89%
Missouri Saint Louis
89%
Texas Fort Worth
88%
California Sacramento
88%
Wisconsin Milwaukee
87%
Pennsylvania Pittsburgh
87%
North Carolina Raleigh
87%
New Mexico Albuquerque
86%
Alaska Anchorage
86%
Kentucky Louisville
86%
New York Buffalo
85%
Nebraska Omaha
85%
Utah Salt Lake City
84%
Louisiana Baton Rouge
83%
Ohio Cincinnati
83%
Colorado Colorado Springs
83%
Minnesota Saint Paul
83%
Oklahoma Tulsa
83%
Arizona Tucson
82%
Virginia Virginia Beach
82%
Alabama Birmingham
81%
Idaho Boise
81%
California Fresno
81%
Virginia Richmond
81%
Nebraska Lincoln
80%
Wisconsin Madison
80%
New Jersey Newark
80%
Nevada Reno
80%
Iowa Des Moines
78%
California Oakland
78%
Rhode Island Providence
78%
Kansas Wichita
78%
Massachusetts | Missouri Springfield
77%
New Jersey Jersey City
76%
Arkansas Little Rock
76%
California Long Beach
76%
Arizona Mesa
76%
Texas Arlington
75%
Kentucky Lexington
74%
Alabama Montgomery
74%
Ohio Toledo
73%
South Carolina Charleston
72%
New York Rochester
72%
Oregon Salem
72%
Florida Tallahassee
72%
California Anaheim
71%
California Bakersfield
71%
Texas Corpus Christi
71%
South Carolina Columbia
68%
Indiana Fort Wayne
68%
North Carolina Greensboro
68%
Colorado | Illinois Aurora
67%
California Riverside
67%
Washington Spokane
67%
Ohio Dayton
66%
Alabama Mobile
66%
Florida Saint Petersburg
66%
Georgia Savannah
66%
Ohio Akron
65%
Georgia Augusta
65%
North Carolina Durham
65%
Florida Fort Lauderdale
65%
Michigan Grand Rapids
65%
Tennessee Knoxville
65%
California Santa Ana
65%
Nevada North Las Vegas
64%
Virginia Norfolk
63%
South Dakota Sioux Falls
63%
New York Syracuse
63%
Washington Tacoma
63%
Nevada Henderson
62%
Texas Lubbock
62%
California San Bernardino
61%
Texas Amarillo
60%
California Irvine
60%
Arizona Scottsdale
59%
Tennessee Chattanooga
58%
Texas Plano
58%
California Stockton
58%
Oregon Eugene
57%
Arizona | California Glendale
57%
Texas Laredo
57%
Texas Waco
57%
New York Yonkers
56%
California Chula Vista
55%
Louisiana Shreveport
55%
Connecticut Bridgeport
54%
North Carolina Winston-Salem
54%
Alabama Huntsville
53%
California | Texas Pasadena
53%
Massachusetts Worcester
53%
Texas Brownsville
52%
Texas Irving
52%
Arizona Chandler
51%
Virginia Chesapeake
51%
Arizona Tempe
51%
Colorado Fort Collins
50%
North Carolina Fayetteville
49%
Washington Vancouver
49%
Virginia Newport News
48%
California Santa Clarita
48%
Arizona Gilbert
47%
Virginia Alexandria
46%
Florida Hialeah
46%
Florida Hollywood
46%
California Modesto
46%
California Fremont
45%
Texas McAllen
45%
Arizona Peoria
45%
Texas Garland
44%
California Orange
44%
Georgia Macon
43%
California Santa Rosa
43%
California Huntington Beach
42%
Kansas Overland Park
42%
California Oxnard
42%
Florida Cape Coral
41%
California Ontario
40%
Illinois Joliet
39%
Texas Midland
39%
California Oceanside
39%
Illinois Rockford
39%
Florida Port Saint Lucie
38%
North Carolina Cary
37%
Texas Frisco
37%
Illinois Naperville
37%
Washington Bellevue
36%
Tennessee Clarksville
36%
California Fontana
36%
California Lancaster
36%
New Jersey Paterson
35%
California Moreno Valley
34%
California Corona
33%
Texas Grand Prairie
33%
Colorado Lakewood
33%
California Rancho Cucamonga
33%
Texas McKinney
32%
California Salinas
32%
Utah West Valley City
32%
California Elk Grove
31%
Virginia Hampton
31%
Kansas Olathe
31%
California Palmdale
31%
California Pomona
31%
Michigan Warren
31%
California Garden Grove
30%
Texas Mesquite
30%
California Escondido
29%
Texas Killeen
29%
Florida Pembroke Pines
29%
California Torrance
29%
California Fullerton
27%
California Sunnyvale
27%
California Hayward
25%
Colorado Thornton
25%
Florida Miramar
24%
Texas Carrollton
23%
No matching quizzes found
Score Distribution
Percent of People with Each Score
Percentile by Number Answered
Your Score History
You have not taken this quiz